Desarrollo económico: principios, problemas, políticas

Պահպանված է:
Մատենագիտական մանրամասներ
Հիմնական հեղինակ: Higgins, Benjamin (Հեղինակ)
Ձևաչափ: Գիրք
Լեզու:իսպաներեն
Հրապարակվել է: Madrid Gredos 1970
Խորագրեր:
Ցուցիչներ: Ավելացրեք ցուցիչ
Չկան պիտակներ, Եղեք առաջինը, ով նշում է այս գրառումը!

MARC

LEADER 00000nam a2200000 a 4500
001 UCQ1206
003 CL-VaPUC
008 980709e19700000SP |||||||||||||||||spa|d
082 0 4 |a 338.9  |b HIG  |2 21 
100 |a Higgins, Benjamin  |e author  |9 414890 
245 1 0 |a Desarrollo económico: principios, problemas, políticas 
300 |a 2 v 
942 |c BK 
945 |d 19980709 00:00:00  |a crobeson 
260 |a Madrid  |b Gredos  |c 1970 
650 0 |a Desarrollo económico y social   |9 256320 
650 0 |a Crecimiento económico   |9 314037 
650 0 |a Teoría económica  |9 315055 
650 0 |a Modelos económicos  |9 324997 
650 7 |a SISTEMAS ECONOMICOS  |2 CL-VaPUC  |9 414891 
650 0 |a Historia económica  |9 307218 
650 7 |a SUBDESARROLLO  |2 CL-VaPUC  |9 337696 
650 7 |a POLITICA DE DESARROLLO  |2 CL-VaPUC  |9 335853 
650 0 |a Planificación del desarrollo  |9 326796 
583 |a last modification  |c 19980709 00:00:00  |k Rodrigo Vera 
999 |c 272210  |d 272208 
952 |0 0  |1 0  |4 0  |6 338_900000000000000_HIG_1970  |7 0  |8 A  |9 307093  |a BIBENE  |b BIBENE  |d 2019-11-20  |h v.1  |i 1432125  |o 338.9 HIG 1970  |p 1432125  |r 2025-01-15  |w 2019-11-20  |y BK  |k ICO 
952 |0 0  |1 0  |4 0  |6 338_900000000000000_HIG_1970  |7 0  |8 A  |9 307094  |a BIBENE  |b BIBENE  |d 2019-11-20  |h v.2  |i 1432133  |o 338.9 HIG 1970  |p 1432133  |r 2025-01-15  |w 2019-11-20  |y BK  |k ICO